000 00486nam a2200181Ia 4500
003 GCL
008 140319s9999 xx 000 0 ara d
040 _aGCL /
_cGCL
082 0 4 _a133.5
_bخ ا
100 1 _aخيرية حديب
245 1 0 _aالابراج واسرارها /
_cخيرية حديب
260 _a[S.N] :
_bالبراعم للانتاج الثقافى
300 _a128 ص
490 _a
650 0 4 _aالابراج
650 0 4 _aالتنجيم
942 _2ddc
_cBK
999 _c39531
_d39531